'P' Blitz Quiz Stats

Quiz Updated May 3, 2017

Also try: 'Q' Blitz
Challenge
Share
Tweet
Embed
Score 0/40 Timer 04:00
2 Plays Today
Category Answer % Correct
Santa's reindeerPrancer
89.2%
Finger of the handPinky
88.1%
OceanPacific
86.4%
Baseball positionPitcher
83.8%
US statePennsylvania
83.3%
European countryPortugal
82.6%
South American countryPeru
78.3%
Spice Girl nicknamePosh
77.9%
SnakePython
77.1%
Friends main characterPhoebe
71.8%
Sign of the zodiacPisces
71.5%
Columbus shipPinta
70.7%
ElementPlatinum
68.8%
Punctuation markPeriod
65.4%
Orchestra sectionPercussion
62.8%
Part of speechPronoun
61.9%
Capital cityParis
61.9%
Disney animated classic Pinocchio
61.4%
Pokémon (Generation 1)Pikachu
61.1%
NFL teamPatriots
60.7%
Category Answer % Correct
US PresidentPolk
59.3%
Olympic athletics eventPole Vault
58.7%
Asian countryPhilippines
58.7%
Quentin Tarantino moviePulp Fiction
57%
Flightless birdPenguin
56.9%
Deadly sinPride
56.8%
Harry Potter and the ...Prisoner of Azkaban
56.5%
2D shapeParallelogram
53.4%
Human bonePatella
45.8%
US state capitalPhoenix
44.2%
Peanuts characterPeppermint Patty
44.1%
Oceania countryPalau
44%
Three Tenors' TenorPavarotti
40.3%
German automakerPorsche
39.9%
Beatles songPaperback Writer
38.2%
Musketeer (Dumas)Porthos
35.1%
Narnia bookPrince Caspian
35.1%
Canadian provincePrince Edward Island
33.7%
Bible book (OT)Proverbs
30.7%
Oscar Best PicturePlatoon
11.8%

You're not logged in!

Compare scores with friends on all Sporcle quizzes.
Sign Up with Email
OR
Log In

You Might Also Like...

Show Comments

Extras

Top Quizzes Today


Score Distribution

Your Account Isn't Verified!

In order to create a playlist on Sporcle, you need to verify the email address you used during registration. Go to your Sporcle Settings to finish the process.